Score 0/7 Timer 03:00
0 Plays Today
Question Answer Wrong Answers
This heavy metal frontman famously bites the head off of a bat during a concert in Des Moines, Iowa.
1982
Ozzy Osbourne
96.3%
James Hetfield
0.9%
Bruce Dickinson
0.8%
Dave Mustaine
0.9%
The US holiday honoring this man is celebrated for the first time.
1986
Martin Luther King Jr.
94.2%
George Washington
1.1%
Abraham Lincoln
0.8%
Christopher Columbus
2.6%
This former Governor of Arkansas is inaugurated as the 42nd US President.
1993
Bill Clinton
90.4%
George W. Bush
3%
George H.W. Bush
3.8%
Ronald Reagan
1.5%
This show, starring Bryan Cranston and Aaron Paul, premieres on AMC.
2008
Breaking Bad
84.9%
The Walking Dead
6.8%
Mad Men
6.2%
Hell on Wheels
0.8%
This British king dies at age 70 and is succeeded by his son, Edward VIII.
1936
George V
84.3%
William IV
4.7%
James II
2.3%
Charles II
8.2%
'What's Going On', which would hit #2 on the Billboard charts, is released by this American singer.
1971
Marvin Gaye
83.4%
Diana Ross
4.4%
Stevie Wonder
7.4%
Gladys Knight
4%
This American engineer and astronaut, known as the second person to walk on the Moon, is born in Glen Ridge, New Jersey.
1930
Buzz Aldrin
78.4%
Neil Armstrong
5.9%
Michael Collins
4%
Alan Shepard
11.6%
Remove Ads.
Support Sporcle.
Get the best of Sporcle when you Go Orange. This ad-free experience offers more features, more stats, and more fun while also helping to support Sporcle. Thank you for becoming a member.

You're not logged in!

Compare scores with friends on all Sporcle quizzes.
OR
Log In

Show Comments

Extras

Top Quizzes Today


Score Distribution

Your Account Isn't Verified!

In order to create a playlist on Sporcle, you need to verify the email address you used during registration. Go to your Sporcle Settings to finish the process.

Report this User

Report this user for behavior that violates our Community Guidelines.

Details: